Statistics for Houari Boumediene Airport Destinations (Algiers, Algeria)

Click here to take the quiz!

General Stats

  • This quiz has been taken 32 times
    (12 since last reset)
  • The average score is 50 of 86

Answer Stats

AirlineDestination% Correct
Air Algerie/VoloteaBordeaux
100%
Air Algerie/EgyptairCairo
100%
Air Algerie/Qatar AirwaysDoha
100%
Air Algerie/EmiratesDubai (International)
100%
Air Algerie/Air France/VuelingMarseille
100%
Air Algerie/Air France/ASL Airlines France/Tassili AirlinesParis (Charles de Gaulle)
100%
Air Algerie/Air France/TransaviaParis (Orly)
100%
Air Algerie/Air FranceToulouse
100%
Air Algerie/Nouvelair/TunisairTunis
100%
Air Algerie/Royal JordanianAmman (Queen Alia)
90%
Air Algerie/VuelingBarcelona
90%
Air Algerie/TUI fly BelgiumBrussels
90%
Air Algerie/LufthansaFrankfurt
90%
Air Algerie/Flynas/SaudiaJeddah
90%
Air Algerie/ASL Airlines FranceLille
90%
British AirwaysLondon (Gatwick)
90%
Air Algerie/British AirwaysLondon (Heathrow)
90%
Air Algerie/ASL Airlines France/TransaviaLyon
90%
Air Algerie/IberiaMadrid
90%
Flynas/SaudiaMedina
90%
Air AlgerieMilan (Malpensa)
90%
Air Algerie/Air CanadaMontreal (Trudeau)
90%
Air AlgerieMoscow (Sheremetyevo)
90%
Air Algerie/Air FranceNice
90%
Air Algerie/Tassili AirlinesOran
90%
Air Algerie/ITA AirwaysRome (Fiumicino)
90%
Air Algerie/Turkish AirlinesAntalya
80%
Air AlgerieBeijing (Capital)
80%
Air AlgerieBeirut
80%
Air AlgerieBudapest
80%
Air Algerie/Tassili AirlinesConstantine
80%
Air AlgerieDakar (Diass)
80%
Air Algerie/Syrian AirDamascus
80%
Air AlgerieGeneva
80%
Air Algerie/Turkish AirlinesIstanbul
80%
Air AlgerieJohannesburg (O.R. Tambo)
80%
Air AlgerieLisbon
80%
Tassili Airlines/TransaviaNantes
80%
Tassili Airlines/TransaviaStrasbourg
80%
Air AlgerieVienna
80%
Air AlgerieAddis Ababa
70%
Air AlgerieNouakchott
70%
Air AlgerieSaint Petersburg
70%
Air AlgerieAbidjan
60%
Air Algerie/Tassili AirlinesAnnaba
60%
Air AlgerieBamako
60%
Air AlgerieBasel/Mulhouse
60%
Air AlgerieBejaia
60%
ConviasaCaracas
60%
Air AlgerieMetz/Nancy
60%
Air Algerie/TransaviaMontpellier
60%
Air Algerie/Tassili AirlinesTlemcen
60%
Air AlgerieAlicante
50%
Air Algerie/Tassili AirlinesBiskra
50%
Air AlgerieNiamey
50%
Air Algerie/Tassili AirlinesSetif
50%
Air AlgerieBatna
40%
Air AlgerieChlef
40%
Air AlgerieDouala
40%
Air Algerie/Tassili AirlinesEl Oued
40%
Air Algerie/Tassili AirlinesHassi Messaoud
40%
Air Algerie/Tassili AirlinesTindouf
40%
Air Algerie/Tassili AirlinesDjanet
30%
Air AlgerieJijel
30%
Air Algerie/Tassili AirlinesLaghouat
30%
Air AlgerieOuagadougou
30%
Air Algerie/Tassili AirlinesTamanrasset
30%
Air Algerie/Tassili AirlinesAdrar
20%
Air Algerie/Tassili AirlinesBechar
20%
Air Algerie/Tassili AirlinesGhardaia
20%
Air Algerie/Tassili AirlinesIn Salah
20%
Air AlgerieN'Djamena
20%
Air Algerie/Tassili AirlinesIllizi
10%
Air AlgerieOuargla
10%
Air AlgerieTebessa
10%
Air AlgerieTimimoun
10%
Air AlgerieBou Saada
0%
Air Algerie/Tassili AirlinesEl Bayadh
0%
Air AlgerieEl Golea
0%
Tassili AirlinesHassi R'Mel
0%
Air AlgerieIn Amenas
0%
Air AlgerieKuala Lumpur (International)
0%
Tassili AirlinesMascara
0%
Air Algerie/Tassili AirlinesMecheria
0%
Air Algerie/Tassili AirlinesTiaret
0%
Air AlgerieTouggourt
0%

Score Distribution

Percentile by Number Answered

Percent of People with Each Score

Your Score History

You have not taken this quiz since the last reset